La herencia de Europa : ensayos /

Guardado en:
書目詳細資料
主要作者: Gadamer, Hans-Georg (autor)
格式: 圖書
語言:西班牙语
出版: Barcelona, España : Península, 2000, c2000
叢編:(Historia, Ciencia, Sociedad ; 303)
主題:
標簽: 添加標簽
沒有標簽, 成為第一個標記此記錄!

MARC

LEADER 00000nam^a2200000^a^4500
001 000171170
005 20250718185843.0
009 20260310101334.798
020 |a 84-8307-307-2 
037 |a Acervo ITESO - Biblioteca 
041 |a ESP 
082 |a 121. 68  |b GAD 
100 |a Gadamer, Hans-Georg  |e (autor) 
245 1 3 |a La herencia de Europa :  |b ensayos /  |c H.G. Gadamer ; presen. de Emilio Lledó; tr. por Pilar Giralt Gorina. 
264 4 |a Barcelona, España :  |b Península,  |c 2000, c2000 
300 |a 158 p. 
336 |a texto  |b txt  |2 rdacontenido 
337 |a sin mediación  |b n  |2 rdamedio 
338 |a volumen  |b nc  |2 rdasoporte 
440 1 |a (Historia, Ciencia, Sociedad ;  |v 303) 
500 |a Traducción de: Das Erbe Europas. Beiträge 
649 |a XX 
650 |a Recepción y Apreciación del Arte 
650 |a Arte -  |x Historia y Crítica 
650 |a Recepción y Apreciación del Arte 
650 |a Cambios Sociales y Culturales 
650 |a Libertad 
650 |a Historia -  |x Filosofía 
650 |a Verdad 
650 |a Lenguaje y Pensamiento 
650 |a Ontología 
650 |a Hermenéutica -  |x Tema Principal 
650 |a Materialismo Histórico y Dialéctico 
650 |a Filosofía de la Educación 
650 |a Filosofía Alemana 
650 |a Filosofía del Siglo XX 
910 |a Fondo General 
920 |a Impresos - Libros 
930 |a Colección General 
905 |a 101 
901 |a 0500108741  |b IT1  |c ACC  |u 20250521 
902 |a https://opac.biblio.iteso.mx/vufind/Record/000171170